| 000 | 00476cam a22001815a 4500 | ||
|---|---|---|---|
| 001 | L143196 | ||
| 008 | 080415i18871896xxk eng u | ||
| 035 | _a(Sirsi) u143196 | ||
| 041 | _aeng | ||
| 245 | 0 | 1 | _a[Album of press cuttings relating to auctions] |
| 260 | _c1887-1896 | ||
| 300 |
_a1v. _c43 cm. |
||
| 340 | _aPrinted | ||
| 351 | _cSingle item | ||
| 651 | 4 |
_aGreat Britain _y1707- |
|
| 690 | _aPROPERTY-PROPERTY ACQUISITION AND DISPOSAL AT AUCTION | ||
| 942 | _n0 | ||
| 999 |
_c116800 _d116800 |
||